Cuadro Histórico de la Revolución de la América Mejicana (Record no. 2586)

MARC details
000 -CABECERA
campo de control de longitud fija 00747nam a2200193 a 4500
001 - NÚMERO DE CONTROL
campo de control BRCA_2847
005 - FECHA Y HORA DE LA ÚLTIMA TRANSACCIÓN
campo de control 20190320204009.0
008 - DATOS DE LONGITUD FIJA--INFORMACIÓN GENERAL
campo de control de longitud fija 101208s1823----mx-#---###---#000-0#spa-u
050 #4 - SIGNATURA TOPOGRÁFICA DE LA BIBLIOTECA DEL CONGRESO
Número de clasificación F1232
Número de documento/Ítem .B87 1823
245 10 - MENCIÓN DE TÍTULO
Título Cuadro Histórico de la Revolución de la América Mejicana
Resto del título [30 cartas] dedicadas a la buena memoria del señor don José María Morelos
Mención de responsabilidad, etc. Carlos María de Bustamante, editor.
260 ## - PUBLICACIÓN, DISTRIBUCIÓN, ETC.
Lugar de publicación, distribución, etc. Puebla, México
Nombre del editor, distribuidor, etc. Oficina del Gobierno Imperial
Fecha de publicación, distribución, etc. 1823
300 ## - DESCRIPCIÓN FÍSICA
Extensión 1 v.
Dimensiones 25 cm.
500 ## - NOTA GENERAL
Nota general B2
600 14 - PUNTO DE ACCESO ADICIONAL DE MATERIA--NOMBRE DE PERSONA
Nombre de persona Morelos y Pavón, José María
Fechas asociadas al nombre 1765-1815
9 (RLIN) 7961
651 #4 - PUNTO DE ACCESO ADICIONAL DE MATERIA--NOMBRE GEOGRÁFICO
Nombre geográfico México
Subdivisión general Historia
Subdivisión cronológica Guerra de Independencia, 1810-1821
9 (RLIN) 7962
700 1# - PUNTO DE ACCESO ADICIONAL--NOMBRE DE PERSONA
Nombre de persona Bustamante, Carlos María de
Fechas asociadas al nombre 1774-1848
Término indicativo de función/relación ed
9 (RLIN) 555
902 ## - CATALOGADOR
Iniciales GFM
942 ## - ELEMENTOS DE PUNTO DE ACCESO ADICIONAL (KOHA)
Fuente del sistema de clasificación o colocación Library of Congress Classification
Tipo de ítem Koha Libros
Holdings
Estado de retiro Estado de pérdida Estado dañado No para préstamo Localización permanente Ubicación/localización actual Fecha de adquisición Número de inventario Total de préstamos Signatura topográfica completa Código de barras Fecha visto por última vez Precio válido a partir de Tipo de ítem Koha
El ejemplar forma parte de la colección y puede ser consultado según las políticas vigentes.       Biblioteca del Museo Franz Mayer (Rogerio Casas-Alatriste) Biblioteca del Museo Franz Mayer (Rogerio Casas-Alatriste) 10/12/2008 B2   F1232 .B87 1823 (B2) 2844 22/03/2019 22/03/2019 Libros